Counter-Strike IEM Melbourne 2025 Players - Statistics

General Stats
  • This quiz has been taken 4 times
  • The average score is 47 of 80
Answer Stats
Team Country Player % Correct
The MongolZ Mongolia 910
100%
Natus Vincere Finland Aleksib
100%
Vitality France apEX
100%
Natus Vincere Ukraine b1t
100%
FaZe Latvia broky
100%
MOUZ Sweden Brollan
100%
FaZe United States EliGE
100%
Vitality Israel flameZ
100%
FaZe Slovakia frozen
100%
Natus Vincere Romania iM
100%
Natus Vincere Lithuania jL
100%
FaZe Denmark karrigan
100%
3DMAX France Lucky
100%
Falcons Russia m0NESY
100%
Falcons Denmark Magisk
100%
Vitality United Kingdom mezii
100%
Liquid Canada NAF
100%
Falcons Bosnia & Herzegovina NiKo
100%
FaZe Norway rain
100%
Vitality Estonia ropz
100%
MOUZ Israel Spinx
100%
Falcons Denmark TeSeS
100%
Liquid Canada Twistzz
100%
Natus Vincere Ukraine w0nderful
100%
MOUZ Israel xertioN
100%
Vitality France ZywOo
100%
3DMAX France bodyy
75%
Virtus.pro Russia electroNic
75%
Virtus.pro Russia FL1T
75%
Complexity Norway hallzerk
75%
MOUZ Finland Jimpphat
75%
Complexity South Africa JT
75%
Falcons North Macedonia kyxsan
75%
SAW Portugal MUTiRiS
75%
paiN Brazil rikz
75%
The MongolZ Mongolia Senzu
75%
Liquid Poland siuhy
75%
The MongolZ Mongolia Techno
75%
The MongolZ Mongolia bLitz
50%
3DMAX France Ex3rcice
50%
Virtus.pro Russia fame
50%
3DMAX France Graviti
50%
Complexity United States Grim
50%
Virtus.pro Kazakhstan ICY
50%
FlyQuest Australia Liazz
50%
3DMAX France Maka
50%
The MongolZ Mongolia mzinho
50%
Liquid Israel NertZ
50%
GamerLegion Czech Republic PR
50%
paiN Brazil snow
50%
BIG Germany tabseN
50%
MOUZ Hungary torzsi
50%
Liquid Poland ultimate
50%
FlyQuest Australia Vexite
50%
GamerLegion Sweden ztr
50%
SAW Portugal Ag1l
25%
paiN Chile dav1deuS
25%
MIBR Brazil exit
25%
Virtus.pro Russia FL4MUS
25%
FlyQuest Australia INS
25%
BIG Germany JDC
25%
BIG Germany Krimbo
25%
MIBR Brazil Lucaozy
25%
FlyQuest New Zealand nettik
25%
Complexity United States nicx
25%
paiN Brazil nqz
25%
GamerLegion Sweden REZ
25%
MIBR Brazil saffee
25%
GamerLegion Denmark Tauson
25%
SAW United Kingdom AZUWU
0%
MIBR Brazil brnz4n
0%
SAW Poland cej0t
0%
Complexity United States Cxzi
0%
paiN Brazil deemO
0%
BIG Germany hyped
0%
MIBR Brazil insani
0%
BIG Germany kyuubii
0%
FlyQuest Romania regali
0%
GamerLegion Hungary sl3nd
0%
SAW Portugal story
0%
No matching quizzes found
Score Distribution
Percent of People with Each Score
Percentile by Number Answered
Your Score History
You have not taken this quiz